[Event "Interzonal-14a"]
[Site "Subotica"]
[Date "1987.??.??"]
[Round "11"]
[White "Ernst, Thomas"]
[Black "Speelman, Jonathan S"]
[Result "0-1"]
[WhiteElo "2465"]
[BlackElo "2550"]
[Annotator "Ernst,T"]
[PlyCount "112"]
[EventDate "1987.06.??"]
[EventType "tourn"]
[EventRounds "17"]
[EventCountry "YUG"]
[EventCategory "11"]
[SourceTitle "CBM 003"]
[Source "ChessBase"]
[SourceDate "1988.04.01"]
[SourceVersion "1"]
[SourceVersionDate "1988.04.01"]
[SourceQuality "1"]

1. e4 g6 2. d4 d6 3. c4 e5 4. d5 a5 5. Nc3 Nd7 6. Be3 Bg7 7. h4 $5 (7. Bd3)
7... Ngf6 8. g4 $5 Nc5 9. f3 h5 10. g5 Nfd7 (10... Nh7 $5 {/\ f6}) 11. Qd2 O-O
12. O-O-O (12. Nge2 Nb6 13. Ng3 {/\ 0-0-0, Be2, f4, Bh5}) 12... Nb6 13. Nh3 Bd7
14. Nf2 (14. b3 $5) 14... Nba4 15. Nxa4 $6 (15. Nb5) 15... Bxa4 16. Re1 Qe7 $6
(16... b6 $1) 17. Nd3 $6 (17. f4 $5 exf4 18. Bxc5 $1 dxc5 19. Qxf4 {[+]}) 17...
b6 18. Bh3 $6 Bd7 $1 {>< f3} 19. Reg1 $2 (19. Kb1 Bxh3 20. Rxh3 $15) 19... Bxh3
20. Rxh3 (20. Nxc5 $5) 20... Qd7 $1 21. Rh2 Qa4 $1 22. b3 (22. Nxc5 $5 {/\}
Qxc4+ 23. Qc3 $1) 22... Qa3+ 23. Kb1 a4 24. Bxc5 bxc5 $17 25. Qc3 (25. Qb2)
25... f6 $1 (25... axb3 $6 26. axb3 {/\ Nc1, Ra2}) 26. gxf6 $2 (26. Rg3 $17)
26... Rxf6 27. Rg3 axb3 28. axb3 (28. Qxb3 $5) 28... Bh6 $1 $19 29. Qb2 Qxb2+
30. Kxb2 (30. Rxb2) 30... Be3 31. Kb1 Rd8 $1 32. Kc2 Kh7 (32... Kg7 $5) 33.
Rhg2 Ra8 34. Rh3 $6 (34. b4 $1 cxb4 (34... Ra2+ 35. Kd1 $1) 35. Nxb4 Bc5 36.
Nd3 Ra2+ 37. Kd1 $1 Ra1+ $17 (37... Rxg2 $2 38. Rxg2 Rxf3 39. Nxc5 dxc5 40. Rg5
$13)) 34... Ra2+ 35. Nb2 Bd4 36. Kb1 Ra3 37. Kc2 Ra1 $1 $19 38. Rd2 Rf1 39. Nd3
R1xf3 40. Rxf3 Rxf3 41. b4 cxb4 42. Nxb4 (42. Kb3) 42... Rc3+ 43. Kd1 Rxc4 44.
Nc6 Bb6 45. Re2 Rc3 46. Rg2 Rd3+ $1 47. Kc1 Rf3 48. Kd1 (48. Ne7 Rf1+ {/\ Rf2})
48... Rf1+ 49. Ke2 Rf4 50. Kd3 Rxh4 51. Ne7 Rg4 52. Rxg4 hxg4 53. Ke2 Kh6 54.
Kf1 Kg5 55. Ng8 Kf4 56. Nf6 Kf3 0-1

[Event "Interzonal-14c"]
[Site "Zagreb"]
[Date "1987.??.??"]
[Round "12"]
[White "Seirawan, Yasser"]
[Black "Nogueiras Santiago, Jesus"]
[Result "1-0"]
[WhiteElo "2600"]
[BlackElo "2555"]
[Annotator "Ftacnik,L"]
[PlyCount "103"]
[EventDate "1987.08.01"]
[EventType "tourn"]
[EventRounds "17"]
[EventCountry "YUG"]
[EventCategory "12"]
[SourceTitle "CBM 004"]
[Source "ChessBase"]
[SourceDate "1988.06.01"]
[SourceVersion "1"]
[SourceVersionDate "1988.06.01"]
[SourceQuality "1"]

1. d4 g6 2. e4 Bg7 3. c4 d6 4. Nc3 Nd7 5. Be3 e5 6. dxe5 dxe5 (6... Nxe5 $142
7. Be2 Nf6 8. h3 O-O $10) 7. Nf3 Ngf6 8. Nd2 $1 {/\ c5+/=} h5 $5 9. Be2 Bh6 (
9... Ng4 10. Bxg4 hxg4 11. c5 $1 $14) 10. Bxh6 Rxh6 11. b4 a5 12. a3 Nf8 13.
Nb3 Qxd1+ 14. Bxd1 (14. Rxd1 axb4 15. axb4 Ra3 16. Rb1 Ne6 $10) 14... axb4 15.
axb4 Rxa1 16. Nxa1 Ne6 $10 17. Kd2 c6 18. f3 Ke7 19. Nb3 Rh8 (19... h4 $5 20.
Be2 Nf4 21. Rg1 Rh8 $15) 20. Be2 Rd8+ 21. Kc2 (21. Ke3 $2 Nd4 $17) 21... h4 22.
Ra1 Nh5 23. Bf1 Ng5 $1 {/\ h3} 24. Ra7 h3 25. Na5 Kf6 (25... Ng3 $6 26. Nxc6+
Ke8 27. Nxd8 Nxf1 28. Nxb7 Bxb7 (28... hxg2 29. Nd6+ Kd8 30. Ne2 $18) 29. Rxb7
hxg2 30. Ne2 Nxf3 31. Kd3 g1=Q 32. Nxg1 Nxg1 33. Ra7 $18) 26. Ne2 $1 hxg2 $6 (
26... Ng7 $142) 27. Bxg2 Nf4 28. Nxf4 exf4 29. Ra8 Rh8 $2 (29... Ke7 $142 30.
Ra7 $10 (30. Rb8 Rh8 31. h3 Kd6 {/\ Kc7-/+})) 30. h3 Kg7 31. c5 $16 Ne6 32. Rb8
Nc7 33. Bf1 $1 Ne6 34. Kc3 Rd8 35. Bc4 Ng5 36. Nxb7 $18 Rf8 37. Na5 Bd7 38. Rb7
Bxh3 39. Nxc6 Nxf3 40. b5 g5 41. b6 Bc8 42. Rc7 g4 43. Rxc8 $1 Rxc8 44. b7 Rh8
45. Nd8 $1 g3 46. b8=Q g2 47. Qxf4 g1=Q 48. Qxf7+ Kh6 49. Qxf3 Qc1+ 50. Kb3
Qb1+ 51. Ka4 Qa1+ 52. Kb5 1-0

[Event "Interzonal-16"]
[Site "Biel"]
[Date "1993.??.??"]
[Round "10"]
[White "Lputian, Smbat G"]
[Black "Smirin, Ilia"]
[Result "1-0"]
[WhiteElo "2565"]
[BlackElo "2640"]
[Annotator "Ftacnik,L"]
[PlyCount "119"]
[EventDate "1993.07.16"]
[EventType "swiss"]
[EventRounds "13"]
[EventCountry "SUI"]
[SourceTitle "CBM 037"]
[Source "ChessBase"]
[SourceDate "1993.12.01"]
[SourceVersion "1"]
[SourceVersionDate "1993.12.01"]
[SourceQuality "1"]

1. d4 g6 2. c4 Bg7 3. Nc3 d6 4. e4 Nc6 5. Be3 Nf6 6. Be2 e5 7. Nf3 exd4 8. Nxd4
O-O 9. O-O Ne5 $6 (9... Re8) 10. Qd2 a6 11. Rfd1 Re8 12. f3 c5 13. Nc2 (13. Nb3
Be6 14. Qxd6 Qxd6 15. Rxd6 Bxc4 16. Bxc5 (16. Nxc5 Bxe2 17. Nxe2 Nc4 18. Rd3 b6
19. Na4 Nxe4 $1 20. Nxb6 Nxb6 $15) 16... Bxe2 17. Nxe2 Nc4 18. Rd4 b5 $13)
13... Be6 14. Qxd6 (14. b3 Bf8 $14 (14... Qa5 15. Na4 $14)) 14... Qxd6 15. Rxd6
Bxc4 (15... Nxc4 $2 16. Rxe6 $16) 16. f4 Bxe2 17. fxe5 Ng4 18. Nxe2 Bxe5 19.
Rd2 (19. Bxc5 Bxd6 20. Bxd6 Rad8 $13) 19... Bxh2+ 20. Kh1 Rxe4 (20... Nxe3 21.
Nxe3 Rxe4 22. Kxh2 $14) 21. Bxc5 Re5 22. Bg1 (22. Bd6 $2 Rxe2 $15) 22... Rae8
$5 23. Ncd4 (23. Ned4 $2 Bf4) 23... Bxg1 24. Kxg1 h5 25. Rf1 $6 (25. g3 $1 $14)
25... Ne3 26. Rf3 Rd8 27. Rd3 Ng4 28. Nc3 (28. g3 Ra5 {/\ Ne5}) 28... Re1+ 29.
Rf1 Ne5 30. Rd1 Rxf1+ 31. Kxf1 Nc4 32. Nc2 Rc8 33. Nd5 (33. Rd4 $2 Nxb2 34. Rb4
Nd3 35. Rb3 Nc1 36. Ra3 Nxa2 $17) 33... Nxb2 34. Ne7+ Kf8 $6 (34... Kg7 $1 $10)
35. Nxc8 Nxd1 36. a3 Nc3 37. Kf2 h4 $6 (37... b5 38. Ke3 a5 39. Kd3 Nd1 {/\ b4=
}) 38. Kf3 f5 39. Kf4 Ne4 40. Ke5 $2 (40. Nd4 b5 (40... Kg7 41. Ne7 {/\ Nef5+/-
}) 41. Kf3 Ke8 $6 42. Nb6 $1 $16) 40... Kg7 $10 41. Nd4 Kh6 42. Kf4 b5 43. Ne7
Nd2 44. Nd5 Nc4 45. Nc2 a5 46. Nde3 Nxe3 (46... Kh5 $10) 47. Kxe3 b4 $4 (47...
Kg5 $10) 48. Nxb4 $1 $18 Kg5 49. Nd3 (49. Nc6 $142 a4 50. Ne5 Kf6 51. Nd7+ {
/\ Nc5}) 49... Kf6 50. a4 g5 51. Nb2 Ke5 52. Nc4+ Kd5 53. Nxa5 g4 54. Kf4 Kc5 (
54... h3 $2 55. gxh3 gxh3 56. Kg3 Kc5 57. Nb3+) 55. Nb3+ Kb4 56. a5 Kb5 57. a6
$1 Kxa6 58. Nc5+ Kb5 59. Nd3 Kc4 (59... h3 60. g3) 60. Nf2 1-0

[Event "Copenhagen Open-02 (Politiken Cup-01)"]
[Site "Copenhagen"]
[Date "1980.06.26"]
[Round "4"]
[White "Jakobsen, Ole"]
[Black "Poulsen, Allan"]
[Result "1-0"]
[WhiteElo "2410"]
[BlackElo "2350"]
[Annotator "Ftacnik,L"]
[PlyCount "47"]
[EventDate "1980.06.23"]
[EventType "swiss"]
[EventRounds "10"]
[EventCountry "DEN"]
[SourceTitle "EXT 2000"]
[Source "ChessBase"]
[SourceDate "1999.11.16"]
[SourceVersion "1"]
[SourceVersionDate "1999.11.16"]
[SourceQuality "1"]

1. d4 g6 2. e4 Bg7 3. c4 d6 4. Nc3 Nc6 5. Be3 e5 6. Nge2 Nf6 $2 (6... Nh6 7. d5
Ne7 8. f3 f5) 7. f3 Nd7 8. Qd2 f5 $6 9. exf5 Nb6 10. Bg5 $1 Nxc4 11. Qc1 Nb4
12. Ng3 Nxb2 13. Bb5+ (13. Bxd8 N2d3+ 14. Bxd3 Nxd3+ 15. Kd2 Nxc1 $16) 13... c6
14. O-O Qb6 15. f6 $1 Bf8 16. Qxb2 Qxd4+ $2 17. Kh1 cxb5 18. a3 $1 h6 19. Rfd1
Nd3 $2 20. Qxb5+ Bd7 21. f7+ Kxf7 22. Qxd7+ Kg8 23. Nge2 Bg7 24. Qxb7 1-0

[Event "Plovdiv"]
[Site "Plovdiv"]
[Date "1981.??.??"]
[Round "5"]
[White "Peev, Peicho Chonev"]
[Black "Padevsky, Nikola Bochev"]
[Result "1-0"]
[WhiteElo "2375"]
[BlackElo "2435"]
[Annotator "Gagarin,V"]
[PlyCount "63"]
[EventDate "1981.08.??"]
[EventType "tourn"]
[EventRounds "9"]
[EventCountry "BUL"]
[EventCategory "7"]
[SourceTitle "MCL"]
[Source "ChessBase"]
[SourceDate "1999.07.01"]
[SourceVersion "1"]
[SourceVersionDate "1999.07.01"]
[SourceQuality "1"]

1. d4 g6 2. c4 Bg7 3. Nc3 d6 4. e4 Nc6 5. Be3 e5 6. d5 Nce7 7. g4 Nf6 (7... f5
8. gxf5 gxf5 9. Qh5+ Kf8 $14) 8. f3 (8. g5 $5 Nfg8 (8... Nd7 9. h4 h5 10. gxh6
Bxh6 11. Bxh6 Rxh6 12. Qd2 $16) 9. h4 h6 10. gxh6 Bxh6 11. Bxh6 Rxh6 12. Qd2
Bd7 13. f4 $16 {Ftacnik,L-Carlier,B/Groningen/1974/}) 8... c6 (8... O-O 9. h4
c6 10. Qd2 cxd5 11. cxd5 Bd7 12. O-O-O a6 13. h5 b5 14. Kb1 Qa5 15. hxg6 fxg6
16. Nh3 $1 Rac8 17. Ng5 $16 {Tarjan,J-Ivkov,B/Skopje ol/1976/1:0/24/}) (8... c5
9. h4 h5 10. g5 $14) (8... h5 9. g5 Nh7 10. h4 $14 (10. Qd2 $14)) (8... Nd7 $5
9. h4 f5 10. h5 h6 11. gxf5 gxf5 12. Qd2 Nf6 13. O-O-O f4 14. Bf2 b6 $13 {
Petursson,M-Speelman,J/Hastings/1987/0:1/33/}) 9. h4 cxd5 10. cxd5 a6 (10... h5
$5 11. g5 $14) 11. h5 Bd7 12. a4 $5 (12. Qd2 $5 b5 13. O-O-O $14 {/\ Kb1})
12... O-O 13. a5 Ne8 14. Qd2 Nc8 15. Qh2 $5 g5 16. Qf2 $1 {>< b6} Bf6 17. Bd3
Qc7 18. Nge2 h6 19. O-O $16 {() <->c xf5,b6} Qb8 20. Rfc1 Bd8 21. Ng3 Nf6 22.
b4 Re8 23. Na4 Kh7 24. Rc2 Ng8 (24... b5 25. axb6 Bxa4 26. Rxa4 Bxb6 27. Bxb6
Qxb6 28. Qxb6 Nxb6 29. Rxa6 Rxa6 30. Bxa6 $18) 25. Nb6 Nxb6 26. Bxb6 Ne7 27.
Rac1 Bxb6 (27... Nc8 $5 28. Bxd8 Rxd8 29. Rc7 $16) 28. Qxb6 $18 {/\ Rc7} Nc8 (
28... Rc8 29. Rxc8 Nxc8 (29... Bxc8 30. Rc7 $18) 30. Qd8 Qa7+ 31. Kg2 Qe3 32.
Qxd7 Qxc1 33. Qxf7+ Kh8 34. Nf5 Qd2+ 35. Kh3 $18) 29. Qc7 Qa7+ (29... Re7 30.
Qd8 $18 {/\ Rc7, /\ Rc8}) 30. Kg2 b5 (30... Re7 31. Qd8 $18) 31. axb6 Nxb6 32.
Qxd6 {/\ Rc7} 1-0

[Event "Beersheba"]
[Site "Beersheba"]
[Date "1976.??.??"]
[Round "1"]
[White "Liberzon, Vladimir Mikhailovi"]
[Black "Kagan, Shimon"]
[Result "1-0"]
[WhiteElo "2540"]
[BlackElo "2430"]
[Annotator "Gagarin,V"]
[PlyCount "59"]
[EventDate "1976.03.??"]
[EventType "tourn"]
[EventRounds "11"]
[EventCountry "ISR"]
[EventCategory "8"]
[SourceTitle "MCL"]
[Source "ChessBase"]
[SourceDate "1999.07.01"]
[SourceVersion "1"]
[SourceVersionDate "1999.07.01"]
[SourceQuality "1"]

1. d4 g6 2. c4 Bg7 3. Nc3 d6 4. e4 e5 5. Nf3 Bg4 6. dxe5 $5 (6. d5 $14) 6...
Bxf3 $6 (6... dxe5 $5 7. Qxd8+ (7. Qa4+ $6 Qd7 8. Qxd7+ Nxd7 9. Be2 c6 $15)
7... Kxd8 8. Bg5+ (8. Ng5 Nh6 9. Be3 f6 10. h3 Bd7 11. Nf3 Nf7 12. O-O-O c6 13.
c5 Ke7 14. Nd2 Be6 15. Nc4 Nd7 $10 {Braga,F-Azmaiparashvili,Z/Toledo/1991/0:1/
49/}) 8... f6 9. O-O-O+ Nd7 10. Be3 Nh6 11. c5 Be6 12. h3 c6 13. Nd2 Kc7 14.
Nc4 Nf7 15. Be2 h5 $10 {Van Wely,L-Azmaiparashvili,Z/Groningen/1994/1:0/49/})
7. gxf3 dxe5 $6 (7... Bxe5 $5 8. Qb3 $14) 8. Qxd8+ Kxd8 9. f4 $1 $16 c6 (9...
exf4 10. Bxf4 Bxc3+ 11. bxc3 Nd7 12. O-O-O $16 {|^^^/}) 10. fxe5 Bxe5 11. Bd2
Kc7 12. f4 Bd4 $6 (12... Bg7 $142 13. O-O-O Ne7 $16) 13. O-O-O Nd7 14. Ne2 Bg7
15. Bb4 c5 (15... Ngf6 16. Bh3 $16) 16. Bc3 f6 (16... Bxc3 17. Nxc3 $16) 17.
Bh3 Rd8 (17... Nb6 18. Ba5 {/\ Rd7/} Rd8 19. Nc3 $16) 18. Ba5+ $1 b6 (18... Nb6
19. Nc3 $16) 19. Be1 $1 {/\ Bh4(g3), Nc3-d5(b5)/} Ne7 20. Nc3 $1 (20. Bh4 $5
$16) 20... a6 21. Bg3 Nb8 $6 (21... Rhe8 $142 $16) 22. Nd5+ $1 Nxd5 23. cxd5
$18 Nd7 (23... Rhe8 24. Rhe1 $18 {/\ e5/}) 24. Rhe1 Rde8 $6 (24... Rhe8 $142
25. e5 (25. Be6 $5 {/\ e5/} Nf8 26. d6+ $1 Rxd6 27. f5 Red8 28. Rxd6 Rxd6 29.
Rd1 $18) 25... fxe5 26. Bxd7 (26. fxe5 $5 Nxe5 27. Be6 Kd6 28. Re3 $18) 26...
Rxd7 27. fxe5 $18) 25. e5 $1 Bh6 (25... fxe5 26. fxe5 Nb8 (26... Rxe5 27. Bxd7
$18) (26... Nxe5 27. d6+ Kc6 28. d7 $18) (26... Bxe5 27. Bxd7 $18) 27. e6+ Kb7
28. d6 Nc6 29. Bg2 $18) 26. d6+ Kd8 (26... Kc6 27. e6 $18) 27. e6 f5 28. Bh4+
Kc8 29. exd7+ Kxd7 30. Re7+ 1-0

[Event "Interzonal-16"]
[Site "Biel"]
[Date "1993.??.??"]
[Round "6"]
[White "Gelfand, Boris"]
[Black "Rogers, Ian"]
[Result "1-0"]
[WhiteElo "2670"]
[BlackElo "2595"]
[Annotator "Gelfand,B"]
[PlyCount "123"]
[EventDate "1993.07.16"]
[EventType "swiss"]
[EventRounds "13"]
[EventCountry "SUI"]
[SourceTitle "CBM 037"]
[Source "ChessBase"]
[SourceDate "1993.12.01"]
[SourceVersion "1"]
[SourceVersionDate "1993.12.01"]
[SourceQuality "1"]

1. d4 g6 2. e4 Bg7 3. c4 d6 4. Nc3 e5 5. Nf3 exd4 6. Nxd4 Nc6 7. Be3 Nge7 8.
Be2 O-O 9. Qd2 f5 10. Nxc6 Nxc6 (10... bxc6) 11. O-O Qf6 12. exf5 Bxf5 13. Rad1
Kh8 14. Nd5 (14. f4 Rae8 15. Bf3 Na5 $1 16. Nd5 $140 Nxc4 17. Qc1 (17. Nxf6
Nxd2) 17... Qxb2 $1 18. Qxc4 c6 $17) 14... Qf7 15. f4 (15. Bh6 Rae8 16. Bxg7+
Qxg7 17. f4 $140 Re4 $10) (15. b4 b6 $1 (15... Rae8 16. c5 $1 $36)) 15... Rae8
16. b4 b6 17. a3 (17. Bf3 Be4 $1 $10) 17... Nd8 (17... a5 $6 18. c5) 18. Nc3 c5
$1 19. Bf2 (19. Rfe1 Bd7 (19... a6 $6 20. Nd5 Ne6 21. Nxb6 Nd4 22. Bd3 $14) 20.
Nb5 Bxb5 21. cxb5 Ne6 $1 22. Bc4 Qf5 23. Qxd6 Nxf4 $10) (19. Nb5 $2 Qe7 20. Rf3
Bg4 21. Rg3 Bxe2 22. Qxe2 Rxf4 23. Nxd6 Ref8 24. Qd3 $2 Rd4) 19... Bd7 (19...
a6 20. b5 $1 (20. Bf3 Qxc4 21. Nd5 Ne6 $1 $132) (20. Nd5 Nc6 21. Nxb6 Nd4 $44)
20... a5 (20... Be6 21. Ne4 Qxf4 22. Nxd6 $16) 21. Nd5 Ne6 22. Nxb6 Nd4 23. Bd3
(23. Bxd4 Bxd4+ 24. Kh1 Re3 $14) 23... Bxd3 24. Qxd3 $16) 20. bxc5 bxc5 (20...
dxc5 $1 21. Qxd7 Bxc3 $10) 21. Bf3 Qxf4 (21... Qxc4 $6 22. Qxd6 Qxc3 (22... Bf5
23. Nd5) 23. Qxd7 $16 Ne6 $140 24. Rde1) 22. Qxf4 (22. Qxd6 $4 Be5 $19) 22...
Rxf4 23. Rxd6 Bf5 (23... Bxc3 24. Rxd7 $14) (23... Be6 24. Nd5 Rxc4 $140 25.
Nc7) 24. Nd5 Rxc4 25. Ne3 Ra4 $2 (25... Rc3 $6 26. Nxf5 gxf5 27. Bd5 $1 $16) (
25... Rf4 $1 26. Nxf5 (26. Rfd1 Nf7) 26... Rxf5 $10) 26. Nxf5 gxf5 27. Bh5 (27.
Bxc5 Bf8 28. Bd4+ $140 $2 Rxd4) (27. Rfd1 Nf7 28. Rd7 (28. Bc6 Ra6 $1 $8 (28...
Rxa3 29. Rd7 $1 Ne5 30. Rxg7) (28... Rb8 29. Rd7 Ra6 30. Bb7 $1 Rf6 (30... Rb6
31. Rxf7 R6xb7 32. Rxb7 Rxb7 33. Rd8+ Bf8 34. Rxf8+ Kg7 35. Bxc5 $18) 31. Bxc5
$16) (28... Nxd6 29. Bxa4 $16) 29. Rd7 Rxc6 30. Rxf7 Bd4 $1 $10) 28... Ne5 29.
Rd8 Nxf3+ 30. gxf3 Rg8 $10) 27... Rf8 28. Rfd1 Bd4 29. Bxd4+ cxd4 30. R6xd4
Rxd4 31. Rxd4 Nc6 32. Rd6 Rc8 33. Be2 Ne5 34. Rd5 Re8 35. h3 Re7 36. Kf2 Kg7
37. Rd6 f4 38. Rd4 Rf7 39. Re4 Ng6 40. Ra4 Ne5 41. Ra6 Rc7 42. Re6 Ng6 43. a4
a5 44. Ra6 Rc5 45. Ra7+ Kh6 46. Bb5 Ne5 47. Rxa5 Rc2+ 48. Kg1 f3 49. gxf3 Nxf3+
50. Kf1 Nh2+ 51. Ke1 Nf3+ 52. Kd1 Rh2 53. Ra6+ Kg5 54. Rd6 Rxh3 55. a5 Rh1+ 56.
Ke2 Ra1 57. a6 Ra5 58. Rd5+ Kf4 59. Kd3 h5 60. Kc3 h4 61. Kb4 Ra1 62. Ba4 1-0

[Event "Politiken Cup 22nd"]
[Site "Copenhagen"]
[Date "2000.07.20"]
[Round "4"]
[White "Golod, Vitali"]
[Black "Hoi, Carsten"]
[Result "1-0"]
[WhiteElo "2590"]
[BlackElo "2408"]
[Annotator "Golod,V"]
[PlyCount "105"]
[EventDate "2000.07.17"]
[EventType "swiss"]
[EventRounds "11"]
[EventCountry "DEN"]
[SourceTitle "CBM 077 Extra"]
[Source "ChessBase"]
[SourceDate "2000.09.14"]
[SourceVersion "1"]
[SourceVersionDate "2000.09.14"]
[SourceQuality "1"]

1. d4 g6 2. c4 Bg7 3. e4 d6 4. Nc3 Nc6 5. d5 $5 ({Another options is:} 5. Be3
$5) 5... Nd4 6. Be3 c5 ({Another line is:} 6... e5) 7. Nge2 Qb6 8. Na4 Qa5+ ({
Impossibly:} 8... Qb4+ $4 9. Bd2 $140 Qxc4 {in view of:} 10. Nec3 Qb4 11. Nb5
$18 {[%csl Rb4]}) 9. Bd2 Qd8 {[%mdl 4] Besides black has two options:} (9...
Qc7) ({and} 9... Qa6 $5 {See comments to Biriukov,O-Chepukaitis,G/ St.
Petersburg,1997/CBM 58(1-0) (Ribli,Z)(42)}) 10. Bc3 {In my opinion this move
better,than:} (10. Nxd4 {You can see comments to Petursson,M-Hoi,C/Nordic zt,
1992/CBM 31 (1/2-1/2)(Ribli,Z) (34)}) 10... e5 ({Pretty dubious:} 10... Bg4 {
because of:} 11. f3 (11. Qd2 $143 Bxe2 12. Bxe2 Nh6 $11) (11. Qd3 Bxe2 12. Bxe2
Nh6 $11) 11... Bxf3 12. gxf3 Nxf3+ 13. Kf2 {+/=/+/- See comments to Nielsen,P-
Danielsen,H/Esbjerg,1997/CBM 60(1-0) (Ribli,Z)(36)} (13. Kf2 $16)) 11. dxe6
Nxe6 12. Bxg7 Nxg7 13. Nac3 $5 $14 ({Also was checked in the previous games:} 
13. Nf4 $143 Nf6 14. Bd3 O-O (14... Ne6 $5) 15. O-O Re8 16. Nc3 {+/=/= Koenig,
D-Peterwagner,H/AUT,1995(1-0) (47)}) (13. Qd2 $1 Nf6 14. f3 (14. Nac3 $143 O-O
(14... Qe7 $6 15. f3 O-O 16. O-O-O Rd8 17. g4 $16 {Czerwonski,A-Stryjecki,M/
Poraj,1997(1-0) (30)}) 15. Rd1 Be6 (15... Re8 $6 16. f3 Be6 17. b3 Qa5 18. Nb5
$1 $16 {Soln,P-Armanda,I/Split,2000(1-0)(40)}) 16. b3 Qa5 17. g3 a6 18. Bg2 $14
{Soln,P-Marques,V/Guarapuava,1995(1-0) (24)}) 14... Be6 15. Nf4 Qe7 16. O-O-O
Rd8 17. Nc3 O-O 18. g4 $1 {+/=/+/- Gelfand,B-Azmaiparashvili,Z/ Dortmund,1990
(1-0)(58)}) (13. g3 $143 Nf6 14. Bg2 O-O 15. O-O Bd7 16. Nac3 Bc6 {+/=/=
Burkart,P-Fritsche,L/Germany,1989(1-0) (53)}) 13... Nf6 14. g3 ({Weakly:} 14.
Ng3 {in view of:} h5 {[%csl Rg3][%cal Gh5h4]}) 14... O-O ({Also possibly right
away:} 14... a6 {[%csl Ya6,Rb5][%cal Ya6b5]} 15. Qd3 O-O 16. Bg2 Be6 17. O-O
$14 {Zagorskis,D-Tibensky,R/Sala,1993(1-0)(50)}) 15. Bg2 a6 $146 ({Is a
possibe continuation of the play:} 15... Bg4 $5) (15... h5 $6 16. O-O h4 17.
Qd2 Ng4 18. b3 hxg3 19. fxg3 a6 20. Rad1 $16 {[%csl Rd6] Belov,V-Krasnov,S/RUS,
1996(1/2-1/2)(36)}) 16. Qd2 {[%csl Rd6][%cal Ga1d1]} Be6 (16... b5 $4 {is
refuted by:} 17. e5 $18 {[%csl Ra8,Rf6]}) 17. b3 Qe7 $6 ({From my point of
view much better is:} 17... Qc7) ({Badly:} 17... b5 {because of:} 18. cxb5 axb5
19. Nxb5 (19. e5 $2 dxe5 20. Bxa8 Qxa8 $44) 19... Bxb3 $140 20. e5 $1 dxe5 21.
Qxd8 Rfxd8 22. Bxa8 Rxa8 23. Nec3 $16) 18. O-O Rab8 {[%cal Gb7b5]} 19. a4 Rfd8
20. h3 $1 {[%cal Ga1d1][%mdl 32] Against 20...Bg4 with the idea 21...Bxe2.} Bd7
{[%cal Gb7b5]} 21. Rad1 Bc6 22. Rfe1 $1 Nge8 {[%csl Rd6,Ye8][%cal Ye8d6]} ({
Also I have a big advantage,after:} 22... b5 23. cxb5 axb5 24. axb5 Bxb5 25.
Nxb5 Rxb5 26. e5 $1 Nfe8 $8 (26... Qxe5 $4 27. Nc3 $18 {[%csl Rb5,Re5]}) 27.
Nc3 Rxb3 28. exd6 $16) ({Now impossibly:} 22... Nxe4 $4 23. Nxe4 Bxe4 24. Nf4
f5 25. f3 g5 26. Nd5 $18) ({and} 22... Bxe4 $4 23. Nf4 d5 24. Nfxd5 Nxd5 25.
Nxd5 $18) 23. Nf4 Nc7 24. a5 {[%csl Ga5][%cal Ya5b6]} Qf8 25. Re3 {[%csl Rd6]
[%cal Ge3d3]} Rd7 26. Rd3 (26. Nfd5 $143 Bxd5 27. exd5 $14) 26... Rbd8 27. h4
$16 {[%csl Rd6][%cal Gg2h3]} Nce8 (27... Ne6 $6 28. Bh3 $1 {[%csl Rd7,Re6,Gh3]}
) 28. Re1 {My plan is: Bh3 and e5(xPd6;Rd8)} Ng4 $6 ({It is necessary:} 28...
Rb8 29. Ncd5 (29. e5 $143 dxe5 30. Rxd7 Nxd7 31. Bxc6 bxc6 $14) 29... Bxd5 30.
exd5 {with pozitional advantage of white.}) 29. Bh3 h5 $2 {[%mdl 8192]} ({
Can be recommended:} 29... Nef6 30. Ncd5 $36) ({or} 29... Ne5 30. Rde3 Rc7 (
30... f5 $2 31. Ne6 {[%csl Rd8,Rf8]}) (30... Re7 $2 31. Ncd5 Bxd5 32. Nxd5 {
[%csl Re7]}) 31. Nfd5 Bxd5 32. Nxd5 Rc6 $16) 30. Bxg4 $1 ({Senselessly:} 30. f3
{because of:} Ne5 31. Rde3 (31. Bxd7 $143 Nxd3 {[%csl Re1][%cal Gd3e1]} 32.
Qxd3 Rxd7 33. Ncd5 {+/=/+/-}) 31... Rc7 $8 (31... Re7 32. Nfd5 Bxd5 33. Nxd5 {
[%csl Re7]}) 32. Ncd5 Bxd5 33. Nxd5 Rc6 $16) 30... hxg4 31. Nfd5 {[%csl Rg4]
[%cal Gd2g5,Gg5g4,Gd2f4,Gf4g4]} Qg7 ({Loses right away:} 31... f5 $2 32. exf5
gxf5 33. Qg5+ Qg7 (33... Kh8 34. Nb6 {[%csl Yd7,Rd8][%cal Yd7d8]}) 34. Qxf5 Rf7
35. Qe6 $18) 32. Qf4 ({Also good enough:} 32. Qg5 f5 33. exf5 gxf5 34. Qxf5 Rf7
35. Qe6 $18) 32... Qe5 $138 33. Qxg4 $18 Nf6 34. Qg5 $1 Qxg5 35. hxg5 Nh7 36.
f4 Kg7 37. Red1 {[%csl Rd6] At this moment I have already seen the position
after 43th black's move.} f6 38. gxf6+ Nxf6 39. Nxf6 (39. Nb6 $5 Re7 $140 40.
e5 {[%csl Rd8]}) 39... Kxf6 40. Rxd6+ Rxd6 41. Rxd6+ Rxd6 42. e5+ Ke6 43. exd6
Kxd6 44. Kf2 $18 {[%mdl 4096]} Bd7 45. Kf3 Be6 (45... Bf5 $143 46. Ne4+ Kc6 47.
g4 $18) 46. g4 Kc6 {[%cal Gb7b6]} 47. Nd5 $5 Kd6 ({Absolutely losing PP
endgame for black after:} 47... Bxd5+ 48. cxd5+ Kxd5 49. f5 $18) 48. Kg3 {
[%cal Gg3h4,Gh4g5]} g5 ({Also loses:} 48... Bxd5 49. cxd5 b6 50. axb6 a5 51.
Kf3 $5 c4 52. Ke3 cxb3 53. Kd2 $18 {[%csl Gb6,Yd2,Gd5,Gf4,Gg4]}) 49. Nf6 $5 {
[%cal Gf6e4]} gxf4+ 50. Kxf4 Kc6 51. g5 b5 ({A little better is:} 51... Bf7 52.
Kf5 b6 53. axb6 Kxb6 54. Ne4 Ka5 55. Nxc5 Kb4 56. Nxa6+ Kxb3 57. c5 Bd5 58. Nb8
$18 {[%csl Gc5][%cal Gc5c6]}) 52. axb6 Kxb6 53. g6 {[%csl Ye6,Gg6][%cal Gf4e5]}
1-0

[Event "Haarlem AKN op 07th"]
[Site "Haarlem"]
[Date "1998.07.04"]
[Round "4"]
[White "Gurevich, Mikhail"]
[Black "Horvath, Jozsef"]
[Result "1-0"]
[WhiteElo "2515"]
[BlackElo "2635"]
[Annotator "Gurevich,M"]
[PlyCount "71"]
[EventDate "1998.07.01"]
[EventType "swiss"]
[EventRounds "6"]
[EventCountry "NED"]
[SourceTitle "CBM 066"]
[Source "ChessBase"]
[SourceDate "1998.09.30"]
[SourceVersion "1"]
[SourceVersionDate "1998.09.30"]
[SourceQuality "1"]

1. d4 g6 2. c4 Bg7 3. e4 d6 4. Nc3 e5 5. Nf3 exd4 6. Nxd4 Nc6 7. Be3 Nge7 8. h4
h5 9. Be2 (9. Qd2 Ne5 10. f3 a6 11. O-O-O c6 $5 12. Nb3 Be6 13. Qxd6 Qxd6 14.
Rxd6 Bxc4 $11 {0-1 Jakobsen,O-Krasenkow,M/Copenhagen PC (2) 1996 (60)}) 9...
Ne5 10. Qd2 $5 a6 (10... Ng4 11. Bg5 f6 12. Bf4 $14) 11. Bg5 c6 12. Rd1 (12.
O-O-O $6 f6 (12... b5 $5 $132) 13. Bf4 b5 14. Nf3 Qa5 15. Qxd6 $16) 12... f6
13. Bf4 b5 14. cxb5 axb5 15. a3 Bd7 16. Nf3 $5 (16. Nc2 Nc8 17. Ne3 Be6 $13)
16... Nc8 17. Na2 $1 {idea 18.Nb4} Qe7 18. Nb4 Nb6 (18... Nc4 19. Bxc4 bxc4 20.
O-O $16) 19. Nxe5 (19. Qxd6 Qxd6 20. Rxd6 Nec4 $132) 19... dxe5 20. Be3 c5 (
20... Nc4 21. Bxc4 bxc4 22. Rc1 Qf7 23. Qc2 $14) 21. O-O $1 (21. Nd5 Nxd5 22.
Qxd5 Rc8 23. Qb7 c4 24. O-O Qe6 $13) 21... Rc8 (21... cxb4 22. Bxb6 bxa3 23.
Qd5 $1 Rb8 24. Bxb5 $40) (21... O-O 22. Nd5 Nxd5 23. Qxd5+ $18) 22. Na6 $1 Nc4
(22... f5 23. Qa5 $18) (22... O-O 23. Qd6 Qxd6 24. Rxd6 $18) 23. Bxc4 bxc4 24.
Bxc5 Qe6 25. Qa5 $18 Kf7 26. Rd6 Rxc5 (26... Qe7 27. Rfd1 $18) 27. Qxc5 Bf8 28.
Rxd7+ Qxd7 29. Qxc4+ Kg7 30. Nc7 Bd6 31. Nd5 Rc8 32. Qe2 Qc6 33. Rd1 Qc2 34.
Qf3 f5 35. Ne3 fxe4 36. Qh3 1-0